| 000 | 01285nam a2200313Ia 4500 | ||
|---|---|---|---|
| 999 |
_c5480 _d5480 |
||
| 003 | OSt | ||
| 005 | 20200617145042.0 | ||
| 008 | 191128s1961 sp gr 001 0dspa d | ||
| 040 |
_aCO-JMCR _cCO-JMCR |
||
| 041 | 1 |
_aspa _heng |
|
| 082 | 0 | 4 |
_a330.1260973 / _bK665i _223 |
| 100 | 1 |
_aKoontz, Harold, _eautor _95718 |
|
| 245 | 1 | 3 |
_aLa intervención pública en la empresa / _cpor Harold Koontz y Richard W. Gable ; traducción de Jaime Berenguer Amenós |
| 260 |
_aBarcelona : _bBosch, _c1961. |
||
| 300 |
_a864 páginas ; _c23 cm. |
||
| 500 | _aIndice alfabético páginas 853-864. | ||
| 504 | _abibliografía al final de cada capítulo. | ||
| 505 | 0 | _aLos fundamentos del control económico -- Los transportes -- Servcios públicos -- Mantenimiento de la competencia -- Protección de los inversores -- Trabajo -- Promoción y propiedad pública de empresas económicas | |
| 534 | _pPublic control of economic enterprise | ||
| 546 | _aTraducido del inglés | ||
| 650 | 1 | 4 |
_aPolítica industrial _95719 |
| 650 | 2 | 4 |
_aEstados Unidos _95720 |
| 650 | 2 | 4 |
_aEconomía _95721 |
| 650 | 2 | 4 |
_aEmpresas _95722 |
| 650 | 2 | 4 |
_aOrganizaciones financieras _95723 |
| 700 | 1 |
_aGable, Richard W., _eautor _95724 |
|
| 700 | 1 |
_a Berenguer Amenós, Jaime, _etraductor _95725 |
|
| 942 |
_2ddc _cBK |
||